00742nam a22002291a 4500001000800000005001700008008004100025010001300066020001500079035002000094040002600114042001400140050002300154082002100177100002500198245009300223260004600316300003200362504005100394650004000445650002700485261896920170715020003.0980813s1999 paua b 001 0 eng d a98087591 a1566767016 a(OCoLC)40584411 aOCoLC-PcOCoLC-PdDLC alccopycat00aLB2805b.P288 199900aLB 2805.P2882211 aPalestini, Robert H.10aEducational administration : leading with mind and heart /cRobert H. Palestini.h[Text] aLancaster, Pa.bTechnomic Pub. Co.cc1999 axiv, 288 p. : ill. ; 24 cm. aIncludes bibliographical references and index. 0aSchool management and organization. 0aEducational leadership